Các phaÌ£m truÌ€ văn hóa trung cổ

Saved in:
Bibliographic Details
Main Author: A. Ja Gurevich
Other Authors: HoaÌ€ng, NgoÌ£c Hiến
Format: Book
Language:Undetermined
Published: H. Giáo dục 1996
Subjects:
Online Access:http://lrc.tdmu.edu.vn/opac/search/detail.asp?aID=2&ID=7278
Tags: Add Tag
No Tags, Be the first to tag this record!
Institutions: Trung tâm Học liệu Trường Đại học Thủ Dầu Một
LEADER 00780nam a2200205Ia 4500
001 TDMU_7278
008 210410s9999 xx 000 0 und d
082 |a 306 
090 |b A100 
100 |a A. Ja Gurevich 
245 0 |a Các phaÌ£m truÌ€ văn hóa trung cổ 
245 0 |c A. Ja Gurevich, HoaÌ€ng NgoÌ£c Hiến (diÌ£ch) 
260 |a H. 
260 |b Giáo duÌ£c 
260 |c 1996 
300 |a 347tr. 
650 |a Văn hóa trung cổ; Văn hóa; Văn hóa trung cổ; Trung cổ; PhaÌ£m truÌ€ 
700 |a HoaÌ€ng, NgoÌ£c Hiến 
856 |u http://lrc.tdmu.edu.vn/opac/search/detail.asp?aID=2&ID=7278 
980 |a Trung tâm Học liệu Trường Đại học Thủ Dầu Một